The culture of copying in Japan : critical and historical perspectives /

Bibliographic Details
Other Authors: Cox, Rupert A.
Format: Book
Language:English
Published: London ; New York : Routledge, 2007.
Series:Japan anthropology workshop series.
Subjects:

MARC

Tag First Indicator Second Indicator Subfields
LEADER 00000cam a22000004a 4500
001 in00002354313
005 20151108060739.0
008 070301s2007 enka b 001 0 eng
010 |a  2007007657 
020 |a 041530752X (hbk.) 
020 |a 0203609778 (ebk.) 
020 |a 9780415307529 (hbk.) 
020 |a 9780203609774 (ebk.) 
035 |a (OCoLC)ocm85830660 
040 |a DLC  |c DLC  |d UtOrBLW 
043 |a a-ja--- 
049 |a TXAM 
050 0 0 |a DS821.5.A1  |b C85 2007 
082 0 0 |a 306.4/60952  |2 22 
245 0 4 |a The culture of copying in Japan :  |b critical and historical perspectives /  |c edited by Rupert Cox. 
264 1 |a London ;  |a New York :  |b Routledge,  |c 2007. 
300 |a xii, 275 pages :  |b illustrations ;  |c 24 cm. 
336 |a text  |b txt  |2 rdacontent 
337 |a unmediated  |b n  |2 rdamedia 
338 |a volume  |b nc  |2 rdacarrier 
490 1 |a Japan anthropology workshop series 
504 |a Includes bibliographical references and index. 
505 0 |a Body to body transmission : the copying tradition of Kagura / Irit Averbuch -- A spectrum of copies : ritual puppetry in Japan / Jane Marie Law -- Copying in Japanese magazines : unashamed copiers / Keiko Clarence-Smith -- The originality of the 'copy' : mimesis and subversion in Hanegawa Tôei's Chôsenjin Ukie -- Copy to convert : Jesuits' missionary practice in Japan / Alexandra Curvelo -- Back to the fundamentals : 'reproducing Rikyû and Chôjirô in Japanese tea culture / Morgan Pitelka -- An investigation of the conditions of literary borrowings in late Heian and early Kamakura Japan / Rein Raud -- Chinese calligraphic models in Heian Japan : copying practices and stylistic transmission / John T. Carpenter -- Beyond mimesis : Japanese architectural models at the Vienna Exhibition and 1910 Japan British Exhibition / William H. Coaldrake -- Copying Kyoto : the legitimacy of imitation in Kyoto's townscape debate / Christoph Brumann -- Copying cars : forgotten licensing agreements / Chris Madeley -- Hungry visions : the material life of Japanese food samples / Rupert Cox. 
651 0 |a Japan  |x Civilization  |x Foreign influences. 
650 0 |a Material culture  |z Japan. 
650 0 |a Technological innovations  |z Japan. 
700 1 |a Cox, Rupert A. 
830 0 |a Japan anthropology workshop series. 
945 |a PromptCat 
946 |a stk 
947 |a A14836520807 
948 |a cataloged  |b h  |c 2007/12/20  |d c  |e dmitchel  |f 2:04:16 pm 
994 |a 92  |b TXA 
999 |a MARS 
999 f f |s 4d30f2bc-9cb2-35d1-9af8-85228b8bd190  |i 68091c0c-b283-3f82-8049-faa4573152cd  |t 0 
952 f f |p normal  |a Texas A&M University  |b College Station  |c Sterling C. Evans Library  |d Evans: Library Stacks  |t 0  |e DS821.5.A1 C85 2007  |h Library of Congress classification  |i unmediated -- volume  |m A14836520807 
998 f f |a DS821.5.A1 C85 2007  |t 0  |l Evans: Library Stacks